| 000 | 00916nam a2200265 a 4500 | ||
|---|---|---|---|
| 001 | BRCA_6530 | ||
| 005 | 20190320205507.0 | ||
| 008 | 290911s1962----sp-a######---#000-0#spa-# | ||
| 041 | _aspa | ||
| 044 | _asp | ||
| 050 | 4 |
_aDG676 _b.B75 1962 |
|
| 100 | 1 |
_aBrion, Marcel _d1895-1984. _97635 |
|
| 245 | 1 | 0 |
_aVenecia _bla máscara de Italia _ctexto de Marcel Brion ; fotografías de Edwin Smith. |
| 260 |
_aBarcelona _bArgos _c1962 |
||
| 300 |
_a224 p. _bil. (algunas a color) _c28 cm. |
||
| 500 | _aIncluye lista de ilustraciones e índice alfabético | ||
| 500 | _aTítulo de cubierta: Venecia: fisonomía y corazón de Italia | ||
| 500 | _aDonación Dra. Elsa Barberena | ||
| 504 | _aIncluye referencias bibliográficas | ||
| 651 | 4 |
_aVenecia (Italia) _xHistoria _916297 |
|
| 651 | 4 |
_aVenecia (Italia) _xObras pictóricas _916298 |
|
| 710 | 2 |
_aSmith, Edwin _f1912-1971. _916299 |
|
| 902 | _aDEB | ||
| 942 |
_2lcc _cB |
||
| 999 |
_c6214 _d6214 |
||